000 00314nam a22001337a 4500
008 260223b ||||| |||| 00| 0 eng d
020 _a9951050274
041 _aShqip
080 _a2.1
100 _a20.01
101 _ashqip
245 _aDugagjini Ballkan Books
_cPetrit Kotrri, Norbert Jokl
942 _2lcc
_cBK
999 _c60850
_d60850